LEADER 01362nam 2200361Ia 450 001 996393999803316 005 20200824132813.0 035 $a(CKB)3810000000004913 035 $a(EEBO)2240855752 035 $a(OCoLC)ocm11913835e 035 $a(OCoLC)11913835 035 $a(EXLCZ)993810000000004913 100 $a19850412d1644 uy | 101 0 $aeng 135 $aurbn||||a|bb| 200 14$aThe posture of Davids spirit when he was in a doubtfull condition$b[electronic resource] $eopened in a sermon preached before the honourable House of Commons at Margarets Westminster, upon October 22, 1644, being a day especially set apart for a publicke humiliation /$fby Richard Vines .. 210 $aLondon $cPrinted by I. N. for Abel Roper ...$d1644 215 $a[4], 26 p 300 $aThe Parliamentary order for the printing of this sermon is filmed with E17, no.20. 300 $aReproduction of original in Thomason Collection, British Library. 330 $aeebo-0158 606 $aSermons, English 615 0$aSermons, English. 700 $aVines$b Richard$f1600?-1656.$01001686 801 0$bEAA 801 1$bEAA 801 2$bm/c 801 2$bUMI 801 2$bWaOLN 906 $aBOOK 912 $a996393999803316 996 $aThe posture of Davids spirit, when he was in a doubtfull condition$92328521 997 $aUNISA